| 000 | 00400nam a22001337a 4500 | ||
|---|---|---|---|
| 008 | 150616b xxu||||| |||| 00| 0 eng d | ||
| 020 | _a9781849342551 | ||
| 050 |
_aG1021.At881 _b2012 |
||
| 245 | _aAtlas of the world / | ||
| 260 |
_aManila, Philippines _bWS Pacific Publications Inc., _cc2012 |
||
| 300 |
_a112 pages., _bmaps., col.,ill., ; _c20 cm. |
||
| 500 | _aIncludes index. | ||
| 942 |
_2lcc _cBK |
||
| 999 |
_c288259 _d288259 |
||